| 000 | 00345nam a2200145Ia 4500 | ||
|---|---|---|---|
| 008 | 230917s9999||||xx |||||||||||||| ||und|| | ||
| 040 |
_e138285 _aMAIN |
||
| 041 | _aEnglish | ||
| 082 | _a829.443 A31S | ||
| 100 | _aAshapurna Debi | ||
| 245 | 0 | _aSubarnalata | |
| 260 |
_aChennai _bMacmillan India _c1997 |
||
| 300 | _axxi, 209 p. | ||
| 942 | _cBK | ||
| 999 |
_c101032 _d101032 |
||